[Event "Quebec-ch qual U1400"]
[Site "Montreal"]
[Date "2005.10.08"]
[Round "2"]
[White "Ouimet, Alain"]
[Black "Muscalu, Alexandru"]
[Result "1-0"]
[WhiteElo "1022"]
[BlackElo "1286"]
[PlyCount "65"]
[EventDate "2005.10.08"]
[EventType "swiss"]
[EventRounds "7"]
[EventCountry "CAN"]
[SourceTitle "EXT 2009"]
[Source "ChessBase"]
[SourceDate "2008.11.26"]
[SourceVersion "1"]
[SourceVersionDate "2008.11.26"]
[SourceQuality "1"]

1. e4 c6 2. d4 d5 3. Nc3 dxe4 4. Nxe4 g6 5. Be3 Bg7 6. c3 Nf6 7. Bd3 b6 8. Ne2 Nxe4 9. Bxe4 Qd7 10. 0-0 0-0 11. Qd2 Rd8 12. Rad1 Qc7 13. Qc2 e5 14. dxe5 Rxd1 15. Rxd1 Bxe5 16. Qd2 Bxh2+ 17. Kh1 Be5 18. Qd8+ Qxd8 19. Rxd8+ Kg7 20. Rxc8 Kf6 21. Bd4 Bxd4 22. Nxd4 Ke5 23. Bf3 Kd6 24. Nxc6 Nxc6 25. Rxa8 Ne5 26. Rxa7 Ke6 27. Rb7 Nc4 28. b3 Nd2 29. Rxb6+ Kd7 30. Rb7+ Ke6 31. c4 Nxf3 32. gxf3 f5 33. Rxh7 1-0